1404 1642 1520 1968 1826 1680 1814 1268 1231 1469 1937 1284 1116 1650 1228 1672 1997 1402 1197 1891 1991 1645 1340 1402 1510 1373 1228 1717 1427 1316 1429 1288 1301 1943 1059 1522 1405 1855 1078 1316 1129 1036 1346 1702 1119 1429 1005 1975 1408 1806 1751 1519 1493 1901 1631 1161 1906 1117 1950 1026 1837 1617 1173 1149 1509 1049 1282 1415 1942 1347 1533 1332 1705 1691 1268 1724 1173 1948 1933 1927 1051 1701 1543 1108 1432 1056 1964 1403 1838 1322 1812 1210 1386 1330 1255 1760 1233 1641 1576 BCNSPRNW ULIB Ver.6.0+V

เปลี่ยนเป็นภาษาไทย

Change to English
 แสดงรายละเอียดบรรณานุกรม
  กลับหน้าหลัก

Brief Record : Get Marc (ISO 2709) : E-mail record : QR code < ปิดหน้าต่าง
LEADER : 00000nam 2200000uu 4500
001    13399114832
003     ULIB
008    020711s|||| th a 000 0 eng d
245    ^aNurses Handbook of Health Assessment
260    ^a ^bม.ป.ท.,^cม.ป.ป.
945    ^p0^l0^i027440
999    ^aวรรณษา ชูชัยมงคล
รายการนี้ยังไม่มีแท็ก
คุณยังไม่ได้ล็อกอิน คุณสามารถมีกิจกรรมร่วมกับเว็บไซต์ได้ แต่ต้องล็อกอินก่อน ::
  ล็อกอิน

รายการสื่อสารสนเทศ

ลำดับที่ ประเภท เลขเรียก/บาร์โค้ด สถานที่ สถานะ
- ไม่พบข้อมูล -

รายการใกล้เคียง
    ชื่อเรื่อง [Nurses Handbook of Health Assessment]

    ผู้แต่ง []

BibComment


ยังไม่เคยถูกคอมเมนท์

คอมเมนท์ทรัพยากรรายการนี้
  คอมเมนท์: Nurses Handbook ..


 Copyright 2026. Bcnsprnw @Library